000 00217nam a22000857a 4500
008 161213b xxu||||| |||| 00| 0 eng d
100 _92018
_aWren.P.C.etal.
245 _aEnglish Grammar
260 _aNew Delhi
_bS. Chand
_c2009
999 _c4885
_d4885